| 000 | 00748nam a2200205 u 4500 | ||
|---|---|---|---|
| 005 | 20260328064231.0 | ||
| 008 | 101001s2007 mx r 000 0 spa d | ||
| 020 | _a9706870784 (10 digitos) | ||
| 020 | _a9789703512744 (13 digitos) | ||
| 035 | _aUPN01000177976 | ||
| 049 | _aI | ||
| 050 | 4 |
_aML1410 _bR3.8 |
|
| 100 | 1 |
_aRamírez Castañeda, Elisa, _d1947- _933624 |
|
| 245 | 0 | 1 |
_a¿Y quién es ese señor? : _bantología ilustrada de un grillito fabulista y cantador / _cElisa Ramírez Castañeda ; pról. Emilio Carballido. |
| 260 |
_aMéxico : _bCNCA : _bGabsol, _c2007. |
||
| 300 |
_a159 p. : _bil. col. |
||
| 600 | 1 | 2 |
_aGabilondo Soler, Francisco, _d1907-1990 _933343 |
| 650 | 2 |
_aCompositores mexicanos _vBiografía _99745 |
|
| 905 | _aInfantil | ||
| 999 |
_c150079 _d150079 |
||